000 00362nam a22001457a 4500
008 210308b ||||| |||| 00| 0 eng d
020 _a9780683003741
041 _aeng
080 _211th
_a611
082 _a611
100 _a6
101 _aANA
245 _aGrants Methods of Anatomy a Clinical Problem-solving approach
_cBasmajian, J. V
942 _2udc
_cBK
999 _c55971
_d55971